| 000 | 00911nam a2200229 4500 | ||
|---|---|---|---|
| 001 | 170733 | ||
| 003 | ES-MaACL | ||
| 005 | 20230906214439.0 | ||
| 007 | t| | ||
| 008 | 090401s1916 sp r ||||1| spa d | ||
| 080 | _a841.133.1"19" | ||
| 100 | 0 |
_aRachilde ( _d1860-1953) _994880 |
|
| 245 | 1 | 3 |
_aEl demonio del absurdo _b: cuentos ; seguidos del Teatro : (La señora muerte : drama cerebral en tres actos ; El vendedor de sol ; La voz de la sangre) / _cRachilde ; traducción de Ricardo Baeza, precedida de una nota crítica, biográfica y bibliográfica. |
| 260 |
_aMadrid : _bRenacimiento, _c1916. |
||
| 300 |
_a342 p. ; _c19 cm. |
||
| 700 | 1 |
_aBaeza, Ricardo, _d1890-1956 _924620 |
|
| 740 | 3 | 2 | _aLa señora muerte. |
| 740 | 3 | 2 | _aEl vendedor de sol. |
| 740 | 3 | 2 | _aLa voz de la sangre. |
| 852 | 4 |
_aES-MaACL _jE-12535 _9R.140134 _z. - Biblioteca Jacinto Martínez Lacalle |
|
| 999 |
_c170733 _d170733 |
||